Mastering spreadsheet budgets and forecasts (Record no. 62701)

000 -LEADER
fixed length control field 00529nam a22001937a 4500
003 - CONTROL NUMBER IDENTIFIER
control field NUST - PNEC
005 - DATE AND TIME OF LATEST TRANSACTION
control field 20170116180755.0
008 - FIXED-LENGTH DATA ELEMENTS--GENERAL INFORMATION
fixed length control field 150401b xxu||||| |||| 00| 0 eng d
020 ## - INTERNATIONAL STANDARD BOOK NUMBER
International Standard Book Number 0273600672
040 ## - CATALOGING SOURCE
Transcribing agency LIBRARY
082 ## - DEWEY DECIMAL CLASSIFICATION NUMBER
Classification number 658.154 Sec
100 ## - MAIN ENTRY--PERSONAL NAME
9 (RLIN) 2001
Personal name Secrett, Malcolm;
245 ## - TITLE STATEMENT
Title Mastering spreadsheet budgets and forecasts
Statement of responsibility, etc. Secrett, Malcolm;
250 ## - EDITION STATEMENT
Edition statement -
260 ## - PUBLICATION, DISTRIBUTION, ETC.
Place of publication, distribution, etc. U K
Name of publisher, distributor, etc. London
Date of publication, distribution, etc. C 1993
300 ## - PHYSICAL DESCRIPTION
Extent 215 . :
650 ## - SUBJECT ADDED ENTRY--TOPICAL TERM
9 (RLIN) 2002
Topical term or geographic name entry element Mastering spreadsheet budgets and forecasts
General subdivision AS
942 ## - ADDED ENTRY ELEMENTS (KOHA)
Source of classification or shelving scheme
Koha item type Book
Holdings
Withdrawn status Lost status Source of classification or shelving scheme Damaged status Not for loan Permanent Location Current Location Shelving location Date acquired Source of acquisition Cost, normal purchase price Total Checkouts Full call number Barcode Date last seen Cost, replacement price Price effective from Koha item type
          Pakistan Navy Engineering College (PNEC) Pakistan Navy Engineering College (PNEC)   10/30/1995 Abrar & Sons 483.00   658.154 Sec PNECLIB-018170 04/01/2015 483.00 10/30/1995 Book
© 2023 Central Library, National University of Sciences and Technology. All Rights Reserved.